000 01016nam a22003257a 4500
003 CHAP
005 20220329133419.0
008 971013s1992 r 00010 d
010 _a6102
011 _a7074
035 _a6297
040 _cCHAP
082 _a636.4
_bT3
100 0 0 _aTaiganides, E. Paul.
_9111361
245 _aPig waste management and recycling
_b: the Singapore experience
260 _aOttawa :
_bInternational Development Research Centre,
_c1992
300 _a368 p.
_b: ilus.
500 _a60-245
590 _aBATCH-UPD
_b10
_c20130110
_lUCH01
_h1533
590 _aBATCH-UPD
_b10
_c20130410
_lUCH01
_h0939
590 _aBATCH-UPD
_b10
_c20130914
_lUCH01
_h0637
590 _aCONVERSION
_b10
_c20130109
_lUCH01
_h1304
650 1 4 _aBiomasa.
_912825
650 1 4 _aEstiércol de cerdo.
_938323
650 1 4 _aGanado porcino
_xSingapur.
_945408
650 1 4 _aIngeniería ambiental.
_958207
901 _aBK
942 _cLIBRO
949 _a636.4 T3
_bBC
_cLIBRO
_d33724000099826
_eLIBRO
_h83357
_i6297
_si
999 _c6102
_d6102